000 00529nam a2200181Ia 4500
005 20230427125518.0
008 131103s9999 xx 000 0 und d
040 _aLoreto College
041 _aEnglish
082 _a823.8
_bDIC-CLA
245 _aDicussions of Charles Dickens
_cedited with an introduction by William Ross Clark
260 _aBoston
_bD.C.Heath
_c1961
300 _aviii,115 p.
650 _aDickens,Charles-Criticism and interpretation
700 _aClark,William Rose,ed.
850 _aLCLIB
942 _cBK
999 _c5277
_d55756